[Event "OLSW 1920 Gambit Saarbrücken - SVG Saarb"]
[Site "?"]
[Date "2020.02.09"]
[Round "6.4"]
[White "Gross, Georg"]
[Black "Spielmann, Alain"]
[Result "0-1"]
[WhiteElo "2246"]
[BlackElo "2213"]
[PlyCount "80"]
[EventDate "2020.??.??"]

1. d4 Nf6 2. Nf3 c5 3. d5 d6 4. Nc3 g6 5. e4 Bg7 6. Bc4 O-O 7. O-O Bg4 8. h3
Bxf3 9. Qxf3 Nbd7 10. Be2 Rb8 11. Re1 Ne8 12. Qg3 Nc7 13. a4 a6 14. Nd1 b5 15.
axb5 axb5 16. Qh4 Re8 17. Bg5 Bf6 18. Ra7 Ra8 19. Rxa8 Qxa8 20. Bg4 Bxg5 21.
Qxg5 Nf6 22. f4 Qa4 23. b3 Qd4+ 24. Nf2 Kg7 25. Bf3 Ra8 26. Qg3 Ra1 27. Rxa1
Qxa1+ 28. Kh2 Qc1 29. e5 Nfxd5 30. f5 dxe5 31. Bxd5 Nxd5 32. Qxe5+ Nf6 33. Nd3
Qxc2 34. Nxc5 Qxf5 35. Qxe7 h5 36. Qe3 Kh7 37. Nd3 Kg7 38. Qd4 Qd5 39. Qc3 Qe6
40. Qb4 Kh7 {ZÃ1/4ge nicht weiter nachvollziehbar} 0-1

[Event "OLSW 1920 Gambit Saarbrücken - SVG Saarb"]
[Site "?"]
[Date "2020.02.09"]
[Round "6.5"]
[White "Busche, Stefan"]
[Black "Erhardt, Michael"]
[Result "1/2-1/2"]
[WhiteElo "2066"]
[BlackElo "2087"]
[PlyCount "145"]
[EventDate "2020.??.??"]

1. e4 e5 2. Nf3 Nf6 3. Nxe5 d6 4. Nf3 Nxe4 5. d4 d5 6. Bd3 Bd6 7. O-O O-O 8. c4
c6 9. Nc3 Nxc3 10. bxc3 dxc4 11. Bxc4 Bf5 12. Re1 Nd7 13. Bg5 Qc7 14. Be7 Bxe7
15. Rxe7 Qd6 16. Qe2 b5 17. Bb3 a6 18. Re3 Rab8 19. Re1 Nf6 20. h3 Rfe8 21. Ne5
Be6 {=} 22. Bxe6 Rxe6 23. Nxf7 Rxe3 24. Nxd6 Rxe2 25. Rxe2 Nd5 26. Ne4 a5 27.
g3 b4 28. cxb4 Rxb4 29. Rd2 Ra4 30. Nc5 Ra3 31. Nd3 Ra4 32. Ne5 Nb4 33. Kf1 Kf8
34. Ke1 Nxa2 35. Nxc6 Nc3 36. Rb2 g5 37. Rb7 Rc4 38. Nxa5 Rxd4 39. Kf1 Ne4 40.
Rb2 h5 41. Nc6 Rc4 42. Ne5 Rc3 43. Kg2 Kg7 44. Rb4 Nd6 45. Nf3 Rc5 46. Rd4 Nf7
47. Ra4 Rd5 48. Ra6 Kh7 49. Re6 Kg7 50. Kf1 Ra5 51. Ke2 Ra2+ 52. Nd2 Ra3 53. f3
g4 54. h4 gxf3+ 55. Nxf3 Ra2+ 56. Ke3 Ra4 57. Nd4 Ra3+ 58. Kf2 Ra5 59. Ne2 Nh6
60. Nf4 Ng4+ 61. Ke2 Ra2+ 62. Kd3 Ra3+ 63. Kd2 Kf7 64. Rc6 Rxg3 65. Rc7+ Ke8
66. Nxh5 Rh3 67. Ng7+ Kd8 68. Ne6+ Ke8 69. Rh7 Nf6 70. Rh8+ Ke7 71. Ng7 Kf7 72.
Nf5 Kg6 73. Nd6 1/2-1/2

[Event "OLSW 1920 Gambit Saarbrücken - SVG Saarb"]
[Site "?"]
[Date "2020.02.09"]
[Round "6.6"]
[White "Forthoffer, Patrick"]
[Black "Joeres, Roman"]
[Result "1/2-1/2"]
[WhiteElo "2150"]
[BlackElo "1869"]
[PlyCount "35"]
[EventDate "2020.??.??"]

1. d4 Nf6 2. Nf3 g6 3. g3 Bg7 4. Bg2 O-O 5. O-O d5 6. c4 c6 7. cxd5 cxd5 8. Nc3
Nc6 9. Ne5 e6 10. Bg5 h6 11. Bf4 Nxe5 12. Bxe5 Bd7 13. Qd2 Bc6 14. Rac1 Qe7 15.
f3 Rad8 16. e3 Kh7 17. Qf2 Rc8 18. Rfd1 1/2-1/2

[Event "OLSW 1920 Gambit Saarbrücken - SVG Saarb"]
[Site "?"]
[Date "2020.02.09"]
[Round "6.7"]
[White "Jenner, Meikel"]
[Black "Haenssel, Christian"]
[Result "1/2-1/2"]
[WhiteElo "1938"]
[BlackElo "2063"]
[PlyCount "161"]
[EventDate "2020.??.??"]

1. e4 c5 2. d4 cxd4 3. c3 d3 4. Bxd3 g6 5. Ne2 Bg7 6. O-O Nc6 7. Be3 Nf6 8. h3
d5 9. Nd2 O-O 10. f4 dxe4 11. Nxe4 Nd5 12. Qd2 Qc7 13. N2g3 Bh6 14. Bc4 Nxe3
15. Qxe3 b6 16. Bd5 Ba6 17. Rf2 Rad8 18. c4 Bg7 19. Rd2 Na5 20. Ng5 Rxd5 21.
cxd5 Nc4 22. Rc2 Qd6 23. Qe4 Nxb2 24. Rc6 Qa3 25. Kh2 h6 26. Nf3 Bd3 27. Qe3
Nc4 28. Rxc4 Bxa1 29. Ne1 Qxa2 30. Qxd3 Rd8 31. Qe4 Bf6 32. f5 b5 33. Rc7 Qxd5
34. Rxa7 Qxe4 35. Nxe4 Be5+ 36. Ng3 b4 37. Rxe7 Bc3 38. Nc2 b3 39. Re3 b2 40.
Na3 Bf6 41. Rb3 Rd1 42. Ne4 Be5+ 43. g3 gxf5 44. Nc5 Rd2+ 45. Kh1 Bd4 46. Rd3
Rc2 47. Rxd4 Rxc5 48. Rb4 Rc3 49. Rxb2 Rxa3 50. Kg2 Kg7 51. Rb6 f6 52. Rb7+ Kg6
53. Kf2 f4 54. gxf4 Rxh3 55. Rb5 Rh5 56. Rb8 Kf5 57. Kg3 Rh1 58. Rb5+ Kg6 59.
Kg4 h5+ 60. Kg3 Rg1+ 61. Kf3 h4 62. Rb8 Ra1 63. Rh8 Rf1+ 64. Ke3 Rh1 65. Kf3 h3
66. Rh4 Kf5 67. Rh5+ Ke6 68. Kg3 Rg1+ 69. Kf2 Rg2+ 70. Kf3 Rh2 71. Kg3 Rh1 72.
Ra5 Rg1+ 73. Kxh3 f5 74. Kh2 Rg4 75. Kh3 Rxf4 76. Kg3 Rc4 77. Kf3 Kf6 78. Ra8
Rc1 79. Rb8 Rf1+ 80. Kg2 Ra1 81. Kf3 1/2-1/2

[Event "OLSW 1920 Gambit Saarbrücken - SVG Saarb"]
[Site "?"]
[Date "2020.02.09"]
[Round "6.8"]
[White "Pryvalov, Ivan"]
[Black "Zha, Kevin"]
[Result "1-0"]
[WhiteElo "2164"]
[BlackElo "1956"]
[PlyCount "51"]
[EventDate "2020.??.??"]

1. d4 g6 2. e4 Bg7 3. Nf3 d6 4. c3 Nf6 5. Bd3 O-O 6. O-O Nc6 7. d5 Ne5 8. Nxe5
dxe5 9. c4 e6 10. Nc3 exd5 11. cxd5 Qe7 12. Bg5 h6 13. Bh4 g5 14. Bg3 h5 15. f3
h4 16. Bf2 Nh5 17. Rc1 a6 18. Ne2 b6 19. Qc2 g4 20. fxg4 Bxg4 21. h3 Bxe2 22.
Bxe2 Nf4 23. Bg4 Ra7 24. Qb3 Bh6 25. Rc6 Ng6 26. Rxg6+ 1-0

[Event "OLSW 1920 Gambit Saarbrücken - SK Landau"]
[Site "?"]
[Date "2020.03.01"]
[Round "7.1"]
[White "Becking, Stephan"]
[Black "Muller, Etienne"]
[Result "1-0"]
[WhiteElo "2408"]
[BlackElo "2202"]
[PlyCount "57"]
[EventDate "2020.??.??"]

1. e4 d6 2. d4 Nf6 3. Nc3 g6 4. Bg5 c6 5. Qd2 b5 6. f3 Nbd7 7. d5 b4 8. dxc6
bxc3 9. cxd7+ Bxd7 10. Qxc3 Bg7 11. Qd2 Rb8 12. Rb1 Nh5 13. c4 f5 14. Bd3 fxe4
15. Bxe4 Qc7 16. b3 Nf6 17. Bd3 Nd5 18. Rc1 Nb4 19. Bb1 Qa5 20. Ne2 Bf5 21.
Bxf5 gxf5 22. O-O Qxa2 23. Qe3 Nc6 24. Qe6 Rxb3 25. Nf4 Re3 26. Qc8+ Nd8 27.
Qxf5 e6 28. Qb5+ Kf8 29. Qb8 1-0

[Event "OLSW 1920 Gambit Saarbrücken - SK Landau"]
[Site "?"]
[Date "2020.03.01"]
[Round "7.3"]
[White "Muranyi, Karl-Jasmin"]
[Black "Gross, Georg"]
[Result "1-0"]
[WhiteElo "2327"]
[BlackElo "2235"]
[PlyCount "117"]
[EventDate "2020.??.??"]

1. d4 Nc6 2. Nf3 d5 3. Bf4 Bg4 4. Nbd2 e6 5. c3 Bd6 6. Bxd6 cxd6 7. e3 Nf6 8.
Be2 O-O 9. O-O e5 10. h3 Bh5 11. Re1 e4 12. Nh2 Bxe2 13. Qxe2 Qb6 14. Reb1 Rac8
15. a4 Na5 16. Qb5 Nc4 17. Nxc4 Rxc4 18. Qxb6 axb6 19. a5 Ra8 20. axb6 Rca4 21.
Rxa4 Rxa4 22. Nf1 Nd7 23. b3 Ra2 24. c4 Nxb6 25. g4 dxc4 26. bxc4 Nxc4 27. Rxb7
g6 28. Rc7 Rc2 29. Rd7 Kf8 30. g5 Ke8 31. Ra7 d5 32. Nh2 Nd2 33. Ra5 f5 34.
gxf6 h5 35. Ra7 Rc6 36. f7+ Kf8 37. Rd7 Rf6 38. Rxd5 Kxf7 39. Rc5 Rb6 40. Kg2
Rb1 41. h4 Rb2 42. Rc6 Ra2 43. Kg3 Ra1 44. Rc2 Rd1 45. Kf4 Ke6 46. Rc6+ Kf7 47.
Ke5 Rh1 48. Rc2 Rxh2 49. Rxd2 Rxh4 50. d5 Rg4 51. d6 Rg5+ 52. Kxe4 Ke8 53. f4
Ra5 54. d7+ Kd8 55. Rd6 g5 56. f5 Ra1 57. Ke5 h4 58. Ke6 Ra4 59. Rc6 1-0

[Event "OLSW 1920 Gambit Saarbrücken - SK Landau"]
[Site "?"]
[Date "2020.03.01"]
[Round "7.4"]
[White "Erhardt, Michael"]
[Black "Bruch, Jochen"]
[Result "1/2-1/2"]
[WhiteElo "2078"]
[BlackElo "2190"]
[PlyCount "50"]
[EventDate "2020.??.??"]

1. e4 c5 2. Nf3 e6 3. d3 Nc6 4. g3 g6 5. Bg2 Bg7 6. O-O Nge7 7. c3 O-O 8. Be3
b6 9. d4 f5 10. dxc5 fxe4 11. Nd4 bxc5 12. Nxc6 Nxc6 13. Bxe4 d5 14. Bg2 Qd6
15. Nd2 Rd8 16. Qa4 Bd7 17. Qa3 Bf8 18. Rfd1 Qe7 19. Nb3 c4 20. Qxe7 Bxe7 21.
Nc5 Kf7 22. Rd2 Rab8 23. Re1 Rb5 24. Nxd7 Rxd7 25. Bf4 Bf6 1/2-1/2

[Event "OLSW 1920 Gambit Saarbrücken - SK Landau"]
[Site "?"]
[Date "2020.03.01"]
[Round "7.5"]
[White "Silber, Gerhard"]
[Black "Forthoffer, Patrick"]
[Result "1/2-1/2"]
[WhiteElo "2211"]
[BlackElo "2143"]
[PlyCount "70"]
[EventDate "2020.??.??"]

1. d4 Nf6 2. Bg5 Ne4 3. Bf4 d5 4. f3 Nf6 5. Nc3 Bf5 6. g4 Bg6 7. h4 h5 8. g5
Ng8 9. e4 dxe4 10. fxe4 e6 11. Qd2 Bb4 12. Bg2 Nd7 13. a3 Ba5 14. Nge2 Ne7 15.
O-O-O Rb8 16. Bg3 a6 17. Nf4 b5 18. b4 Bb6 19. Nce2 c6 20. Nxg6 Nxg6 21. Bxb8
Qxb8 22. e5 Qc7 23. c3 Ne7 24. Ng3 g6 25. Ne4 O-O 26. Kb2 a5 27. Bf3 Nf5 28.
Qe2 Ra8 29. Nd6 Nxd6 30. exd6 Qxd6 31. Qe4 Rc8 32. Rhf1 Bd8 33. Be2 Nb6 34. Qf4
Qe7 35. Kc2 Nd5 1/2-1/2

[Event "OLSW 1920 Gambit Saarbrücken - SK Landau"]
[Site "?"]
[Date "2020.03.01"]
[Round "7.6"]
[White "Haenssel, Christian"]
[Black "Vogel, Johannes"]
[Result "0-1"]
[WhiteElo "2062"]
[BlackElo "2135"]
[PlyCount "118"]
[EventDate "2020.??.??"]

1. c4 e5 2. g3 Nf6 3. Bg2 d5 4. cxd5 Nxd5 5. Nc3 Nb6 6. Nf3 Nc6 7. a3 Be7 8. b4
Be6 9. Rb1 f6 10. O-O O-O 11. d3 Qc8 12. Be3 Rd8 13. Qc2 a5 14. Bxb6 cxb6 15.
Na4 Na7 16. Qxc8 Nxc8 17. bxa5 Rxa5 18. Nxb6 Rxa3 19. Nxc8 Bxc8 20. Rfc1 Ra5
21. Nd2 b5 22. Nb3 Ra3 23. Nc5 Ra5 24. Nb7 Bxb7 25. Bxb7 b4 26. Rb3 Bc5 27. Kf1
f5 28. e3 Kf7 29. Rc4 Rb8 30. Bd5+ Kf6 31. Rc2 Rb6 32. Bc4 g5 33. h3 h5 34. Rb1
Rb8 35. Rbc1 Ke7 36. Bb3 Bd6 37. Rc4 Ra3 38. Rb1 Kd7 39. d4 e4 40. Rc2 Rf8 41.
Bd5 Ke7 42. Ke2 Rb8 43. Bb3 Ra5 44. Ra2 Rxa2+ 45. Bxa2 Rc8 46. Rb2 Rc1 47. g4
fxg4 48. hxg4 h4 49. Bd5 h3 50. Ra2 h2 51. Ra7+ Kd8 52. Bxe4 h1=Q 53. Bxh1 Rxh1
54. e4 Kc8 55. Ra5 b3 56. Rb5 Rh3 57. e5 Ba3 58. d5 b2 59. d6 Rh1 0-1

[Event "OLSW 1920 Gambit Saarbrücken - SK Landau"]
[Site "?"]
[Date "2020.03.01"]
[Round "7.7"]
[White "Lang, Matthias"]
[Black "Pryvalov, Ivan"]
[Result "1-0"]
[WhiteElo "2167"]
[BlackElo "2174"]
[PlyCount "139"]
[EventDate "2020.??.??"]

1. e4 c5 2. Nf3 Nc6 3. d4 cxd4 4. Nxd4 e5 5. Nb5 d6 6. N1c3 a6 7. Na3 Be6 8.
Nc4 b5 9. Ne3 Nf6 10. Ned5 Bxd5 11. exd5 Nb8 12. Be3 Nbd7 13. b4 Nb6 14. Bxb6
Qxb6 15. Qd2 Be7 16. a4 bxa4 17. Nxa4 Qb7 18. c4 O-O 19. Bd3 Rfb8 20. Rb1 Qd7
21. Qa2 Qg4 22. O-O Nh5 23. Be2 Qg5 24. Bxh5 Qxh5 25. c5 Qg4 26. h3 Qf5 27.
Rfc1 Ra7 28. c6 Bd8 29. Qc4 Bb6 30. Qc2 Qxc2 31. Rxc2 Bd4 32. Kf1 Rc7 33. Ke2
Rb5 34. Nc3 Bxc3 35. Rxc3 Rxd5 36. Ra1 Rb5 37. Rxa6 Kf8 38. Rc4 d5 39. Rc5 Rxb4
40. Rxd5 f6 41. Kd3 Ke7 42. Kc3 Rb1 43. Kc4 Ke6 44. Rd2 Rc1+ 45. Kb5 h5 46. g4
hxg4 47. hxg4 Rc8 48. Rb6 e4 49. Rd4 Ke5 50. Rd7 Rc2 51. Rxg7 Rxf2 52. Ka6 e3
53. c7 Rc2 54. Re7+ Kf4 55. Rxf6+ Kg5 56. Rff7 Rb2 57. Ka7 e2 58. Re4 Rh8 59.
Rf5+ Kg6 60. Re6+ Kg7 61. Re7+ Kg6 62. Re6+ Kg7 63. Rfe5 Rc8 64. Re7+ Kg6 65.
g5 Kh5 66. Rh7+ Kg6 67. Rh6+ Kg7 68. Re7+ Kg8 69. Rhe6 Rf8 70. Rxe2 1-0

[Event "OLSW 1920 Gambit Saarbrücken - SK Landau"]
[Site "?"]
[Date "2020.03.01"]
[Round "7.8"]
[White "Bastian, Martin"]
[Black "Karpa, Adrian"]
[Result "1/2-1/2"]
[WhiteElo "2095"]
[BlackElo "2110"]
[PlyCount "127"]
[EventDate "2020.??.??"]

1. e4 c5 2. Nc3 Nc6 3. g3 g6 4. Bg2 Bg7 5. d3 Nf6 6. f4 O-O 7. Nf3 d6 8. O-O
Rb8 9. h3 b5 10. a3 Ne8 11. g4 Nc7 12. f5 a5 13. Qe1 b4 14. axb4 axb4 15. Ne2
Nb5 16. Rb1 Ba6 17. Qh4 Nbd4 18. Nexd4 Nxd4 19. Bh6 Nxf3+ 20. Rxf3 Bf6 21. g5
Bd4+ 22. Kh1 Re8 23. Rbf1 Qd7 24. fxg6 fxg6 25. Rf7 Qe6 26. Qf4 Bf6 27. Rxf6
exf6 28. gxf6 Kf7 29. Qh4 c4 30. dxc4 Bxc4 31. Rf4 b3 32. c3 Ra8 33. Bf3 Ra1+
34. Kh2 Qe5 35. Bg5 h5 36. Bxh5 Rh8 37. Bxg6+ Kxg6 38. Qxh8 Kxg5 39. Qh4+ Kg6
40. Qg3+ Kf7 41. Qg7+ Ke8 42. f7+ Bxf7 43. Qxf7+ Kd8 44. Qf6+ Qxf6 45. Rxf6 Ke7
46. Rf2 Re1 47. Kg3 Re3+ 48. Kg4 Rxe4+ 49. Kg5 Re5+ 50. Kg6 Re6+ 51. Kg7 Re1
52. Rf7+ Ke6 53. Rb7 Rh1 54. Rxb3 Rxh3 55. Rb4 Rf3 56. Kg6 Rg3+ 57. Kh5 Kd5 58.
Kh4 Rg1 59. Rd4+ Kc6 60. Rg4 Rb1 61. Rc4+ Kd5 62. Rd4+ Kc6 63. b4 d5 64. Kg4
1/2-1/2

[Event "OLSW 1920 SVG Saarbrücken - SK Frankenth"]
[Site "?"]
[Date "2020.03.01"]
[Round "7.1"]
[White "Neuberger, Guido"]
[Black "Bastian, Herbert"]
[Result "1/2-1/2"]
[WhiteElo "2202"]
[BlackElo "2273"]
[PlyCount "26"]
[EventDate "2020.??.??"]

1. d4 Nf6 2. c4 g6 3. Nc3 Bg7 4. e4 d6 5. Nf3 O-O 6. Be2 Nbd7 7. O-O e5 8. h3
exd4 9. Nxd4 Re8 10. Bf3 Ne5 11. Be2 Ned7 12. Bf3 Ne5 13. Be2 Ned7 1/2-1/2

[Event "OLSW 1920 SVG Saarbrücken - SK Frankenth"]
[Site "?"]
[Date "2020.03.01"]
[Round "7.2"]
[White "Mohammad, Samir"]
[Black "Fulea, Dan"]
[Result "1/2-1/2"]
[WhiteElo "2300"]
[BlackElo "2223"]
[PlyCount "33"]
[EventDate "2020.??.??"]

1. d4 Nf6 2. c4 c5 3. Nf3 e6 4. g3 cxd4 5. Nxd4 Nc6 6. Bg2 Bc5 7. Nb3 Bb4+ 8.
Bd2 d5 9. cxd5 Nxd5 10. Nc3 Nxc3 11. bxc3 Be7 12. O-O O-O 13. Rb1 e5 14. Qc2
Qc7 15. Be3 b6 16. c4 Bb7 17. Qb2 1/2-1/2

[Event "OLSW 1920 SVG Saarbrücken - SK Frankenth"]
[Site "?"]
[Date "2020.03.01"]
[Round "7.3"]
[White "Syska, Albert"]
[Black "Oliwa, Patryk"]
[Result "0-1"]
[WhiteElo "2230"]
[BlackElo "2260"]
[PlyCount "128"]
[EventDate "2020.??.??"]

1. e4 e6 2. Qe2 c5 3. g3 Nc6 4. Nf3 g6 5. Bg2 Bg7 6. O-O Nge7 7. c3 d6 8. Na3
O-O 9. Nc2 e5 10. d3 f5 11. exf5 gxf5 12. Bg5 h6 13. Bh4 Qe8 14. Bxe7 Nxe7 15.
d4 cxd4 16. cxd4 e4 17. Nd2 Bd7 18. Rfc1 Bb5 19. Qd1 Nc6 20. Nb3 f4 21. d5 Nd8
22. Ncd4 Bd7 23. Qe1 a5 24. a4 Bxa4 25. Rc7 Bxb3 26. Nxb3 e3 27. gxf4 e2 28.
Rc2 a4 29. Nc1 Qg6 30. Rxe2 Rxf4 31. Ra3 Nf7 32. Rg3 Ng5 33. Nd3 Rd4 34. Re6
Qf5 35. Re8+ Rxe8 36. Qxe8+ Qf8 37. Qe3 Rc4 38. h4 Rxh4 39. f4 Qf7 40. Kf1 Kf8
41. Ke2 Nh7 42. Qb6 Qd7 43. Qf2 Rh2 44. Qg1 Qe7+ 45. Kd1 Rh4 46. Re3 Qd7 47.
Re6 Rg4 48. Qf2 Qb5 49. Kd2 Bxb2 50. Bh3 Rg7 51. Qa7 Rf7 52. Rg6 Nf6 53. Qb8+
Ne8 54. Be6 a3 55. Qa8 h5 56. f5 Rg7 57. Rxg7 Kxg7 58. f6+ Bxf6 59. Qxa3 Qc4
60. Nf2 Bg5+ 61. Ke1 Bh4 62. Qb2+ Nf6 63. Qxb7+ Kh6 64. Qc6 Qf4 0-1

[Event "OLSW 1920 SVG Saarbrücken - SK Frankenth"]
[Site "?"]
[Date "2020.03.01"]
[Round "7.4"]
[White "Spielmann, Alain"]
[Black "Prestel, Oliver"]
[Result "0-1"]
[WhiteElo "2234"]
[BlackElo "2124"]
[PlyCount "84"]
[EventDate "2020.??.??"]

1. Nf3 Nf6 2. d4 d5 3. Bf4 e6 4. e3 Bd6 5. Nbd2 c5 6. Ne5 Nc6 7. c3 Qc7 8. Qa4
cxd4 9. Nxc6 dxc3 10. Nd4+ Bd7 11. Nb5 cxd2+ 12. Kxd2 Ne4+ 13. Ke1 Bxb5 14.
Bxb5+ Ke7 15. Bg3 Rac8 16. Bd3 b5 17. Qd1 Qa5+ 18. Ke2 Qb4 19. Rb1 Rc6 20. a3
Qa5 21. Qe1 Qa4 22. Qd1 Qa5 23. Qe1 Qb6 24. Bxe4 dxe4 25. Bxd6+ Rxd6 26. Qb4 f5
27. Rbd1 Rhd8 28. Rxd6 Rxd6 29. Rd1 a6 30. a4 bxa4 31. Qa3 a5 32. Rd4 e5 33.
Rc4 Qb5 34. Qxa4 Qxb2+ 35. Rc2 Qb1 36. Ra2 Qd3+ 37. Ke1 Qc3+ 38. Ke2 Rb6 39.
Rd2 Rd6 40. Ra2 Kf6 41. g3 Qd3+ 42. Ke1 Rb6 0-1

[Event "OLSW 1920 SVG Saarbrücken - SK Frankenth"]
[Site "?"]
[Date "2020.03.01"]
[Round "7.5"]
[White "Geyer, Bernhard"]
[Black "Busche, Stefan"]
[Result "1-0"]
[WhiteElo "2162"]
[BlackElo "2067"]
[PlyCount "95"]
[EventDate "2020.??.??"]

1. d4 Nf6 2. c4 g6 3. Nf3 Bg7 4. g3 O-O 5. Bg2 d5 6. cxd5 Nxd5 7. e4 Nb6 8. h3
c5 9. d5 e6 10. Nc3 exd5 11. Nxd5 Nxd5 12. exd5 Re8+ 13. Kf1 b6 14. Bg5 Qd7 15.
Qb3 Bb7 16. Rd1 c4 17. Qc2 Na6 18. Qd2 Nc5 19. Bh6 c3 20. bxc3 Ne4 21. Qf4 Qb5+
22. Kg1 Nxc3 23. Kh2 Nxd1 24. Bxg7 Kxg7 25. Rxd1 Rad8 26. Ne5 f5 27. Qd4 Qc5
28. Qb2 Kg8 29. Rc1 Qe7 30. Nc6 Bxc6 31. dxc6 Qe5 32. Qb3+ Kg7 33. Qa4 Re7 34.
h4 Rd2 35. Kg1 Qe2 36. Qf4 Rd1+ 37. Rxd1 Qxd1+ 38. Kh2 Qd8 39. h5 gxh5 40. Qg5+
Kf8 41. Qf6+ Kg8 42. Qxf5 Re8 43. Bd5+ Kh8 44. Bf7 h4 45. Bxe8 hxg3+ 46. Kxg3
Qxe8 47. c7 Qg8+ 48. Kh2 1-0

[Event "OLSW 1920 SVG Saarbrücken - SK Frankenth"]
[Site "?"]
[Date "2020.03.01"]
[Round "7.6"]
[White "Horacek, Helmut"]
[Black "Kargoll, Peter"]
[Result "0-1"]
[WhiteElo "2026"]
[BlackElo "2132"]
[PlyCount "122"]
[EventDate "2020.??.??"]

1. e4 e6 2. d4 d5 3. Nc3 Nf6 4. e5 Nfd7 5. f4 c5 6. Nf3 Nc6 7. Be3 a6 8. Qd2 b5
9. Be2 Be7 10. O-O O-O 11. Nd1 Bb7 12. c3 cxd4 13. cxd4 Bb4 14. Qd3 f5 15. exf6
Nxf6 16. Nc3 Na5 17. b3 Ba3 18. Rad1 Nc6 19. Ne5 Ne7 20. Bf3 Rc8 21. Ne2 Qb6
22. Bc1 Bd6 23. Bd2 b4 24. Rc1 a5 25. Be3 Ba6 26. Qd2 Bb5 27. Rxc8 Rxc8 28. Rc1
Rxc1+ 29. Nxc1 Nf5 30. Bf2 Qc7 31. g4 Ne7 32. Be1 Ne4 33. Bxe4 dxe4 34. Ne2 Nd5
35. Bf2 Bxe2 36. Qxe2 Qc1+ 37. Be1 Qxf4 38. Bg3 Qc1+ 39. Kg2 Nf4+ 40. Bxf4 Qxf4
41. Qc2 Bxe5 42. Qc8+ Kf7 43. Qd7+ Kf6 44. Qd8+ Kg6 45. Qe8+ Kg5 46. Qh5+ Kf6
47. dxe5+ Qxe5 48. Qxh7 e3 49. Qh4+ Kf7 50. Qe1 e2 51. h3 Kg6 52. Kf3 Qd5+ 53.
Kf2 Qe4 54. Kg3 Qe3+ 55. Kg2 Kg5 56. Kh2 Kf4 57. Kg2 Qf3+ 58. Kh2 Ke4 59. Qb1+
Qd3 60. Qc1 Qc3 61. Qb1+ Ke3 0-1

[Event "OLSW 1920 SVG Saarbrücken - SK Frankenth"]
[Site "?"]
[Date "2020.03.01"]
[Round "7.7"]
[White "Johann, Christof"]
[Black "Jenner, Meikel"]
[Result "1-0"]
[WhiteElo "2126"]
[BlackElo "1964"]
[PlyCount "69"]
[EventDate "2020.??.??"]

1. e4 c5 2. Nf3 g6 3. d4 cxd4 4. Nxd4 Nc6 5. c4 Nf6 6. Nc3 d6 7. Be2 Nxd4 8.
Qxd4 Bg7 9. Bg5 O-O 10. Qd2 Qa5 11. O-O Be6 12. Rac1 Rfc8 13. b3 a6 14. Bf3
Rab8 15. a4 Qb4 16. Qa2 Nd7 17. Nd5 Bxd5 18. exd5 Bf6 19. Bd2 Qb6 20. Bg4 Nc5
21. Rb1 Rc7 22. a5 Qa7 23. Be3 Qa8 24. Qc2 h5 25. Bh3 g5 26. b4 g4 27. Bxg4
hxg4 28. bxc5 Rbc8 29. Qf5 Rxc5 30. Qxg4+ Kf8 31. Bxc5 Rxc5 32. h4 Rxa5 33. Qd7
Bxh4 34. Rxb7 Rc5 35. Rfb1 1-0

[Event "OLSW 1920 SVG Saarbrücken - SK Frankenth"]
[Site "?"]
[Date "2020.03.01"]
[Round "7.8"]
[White "Zha, Kevin"]
[Black "Huseynov, Ahad"]
[Result "1/2-1/2"]
[WhiteElo "1851"]
[BlackElo "2104"]
[PlyCount "81"]
[EventDate "2020.??.??"]

1. e4 e5 2. Nf3 Nc6 3. d4 exd4 4. Nxd4 Nf6 5. Nxc6 bxc6 6. e5 Qe7 7. Qe2 Nd5 8.
h4 f6 9. c4 Ba6 10. Rh3 fxe5 11. Bg5 Nf6 12. Rc3 h6 13. Bxf6 gxf6 14. Qc2 Qe6
15. Nd2 f5 16. O-O-O Bc5 17. Rf3 e4 18. Re1 O-O 19. Nxe4 Bd6 20. c5 Bxf1 21.
cxd6 cxd6 22. Rg3+ Kh8 23. Qc3+ Qe5 24. Nxd6 Qxc3+ 25. bxc3 Rf6 26. Ne8 Rf8 27.
Nd6 Rf6 28. Ne8 Rf8 29. Nc7 Rac8 30. Rxf1 Rxc7 31. Re1 Rb7 32. Re7 Rfb8 33.
Rgg7 Rb1+ 34. Kc2 R8b2+ 35. Kd3 Rd1+ 36. Kc4 Rxf2 37. Rh7+ Kg8 38. Rhg7+ Kf8
39. Rgf7+ Kg8 40. Rg7+ Kf8 41. Rgf7+ 1/2-1/2

[Event "OLSW 1920 SK Altenkirchen - SC Heimbach-"]
[Site "?"]
[Date "2020.03.01"]
[Round "7.1"]
[White "Winterberg, Lukas"]
[Black "Bruehl, Andreas"]
[Result "1/2-1/2"]
[WhiteElo "2390"]
[BlackElo "2327"]
[PlyCount "83"]
[EventDate "2020.??.??"]

1. e4 e5 2. Nf3 Nc6 3. Bb5 a6 4. Ba4 Nf6 5. O-O b5 6. Bb3 Bb7 7. d3 Bc5 8. Be3
d6 9. Bxc5 dxc5 10. a4 O-O 11. axb5 axb5 12. Nc3 b4 13. Rxa8 Bxa8 14. Ne2 Bb7
15. Ng3 Nd7 16. Qd2 Qf6 17. Ra1 h6 18. Nf5 Ra8 19. Rxa8+ Bxa8 20. Qe1 Bb7 21.
Qa1 Nb6 22. Ne3 Nd4 23. Nxd4 cxd4 24. Nc4 Bc8 25. Nd2 Bh3 26. Nf1 Be6 27. Bxe6
Qxe6 28. Qa5 Qe7 29. g3 Kh7 30. Kg2 Qd6 31. Nd2 f6 32. h4 Qc6 33. Nf3 Qxc2 34.
Qb5 Nc8 35. Ne1 Qe2 36. Qxb4 Nd6 37. Qa5 c6 38. Qb4 c5 39. Qxc5 Nxe4 40. dxe4
Qxe1 41. Qc2 Qb4 42. h5 1/2-1/2

[Event "OLSW 1920 SK Altenkirchen - SC Heimbach-"]
[Site "?"]
[Date "2020.03.01"]
[Round "7.2"]
[White "Heidorn, Oliver"]
[Black "Boidman, Yuri"]
[Result "1/2-1/2"]
[WhiteElo "2101"]
[BlackElo "2335"]
[PlyCount "92"]
[EventDate "2020.??.??"]

1. Nf3 d5 2. c4 c6 3. cxd5 cxd5 4. d4 Nf6 5. Nc3 Nc6 6. Bf4 Bf5 7. Qb3 Na5 8.
Qa4+ Bd7 9. Qc2 e6 10. e3 Rc8 11. Bd3 Be7 12. O-O b5 13. Qe2 b4 14. Nb5 Qb6 15.
Rac1 Nc6 16. a3 O-O 17. axb4 Nxb4 18. Nc3 Nxd3 19. Qxd3 Qxb2 20. Ne5 Ba4 21.
Qa6 Ne4 22. Nd3 Qxc3 23. Rxc3 Nxc3 24. Qxa7 Bb5 25. Qxe7 Bxd3 26. Ra1 Ne2+ 27.
Kh1 Nxf4 28. exf4 Rc2 29. f3 h6 30. h4 h5 31. Qg5 Bg6 32. f5 Bxf5 33. Qxh5 Rb8
34. Ra7 Bg6 35. Qg5 Rb1+ 36. Kh2 Rbb2 37. Ra3 Kh7 38. f4 f6 39. Qg4 Rc7 40.
Qxe6 Be4 41. Rg3 Rcc2 42. Qe8 Rxg2+ 43. Rxg2 Rxg2+ 44. Kh3 f5 45. Qh5+ Kg8 46.
Qe8+ Kh7 1/2-1/2

[Event "OLSW 1920 SK Altenkirchen - SC Heimbach-"]
[Site "?"]
[Date "2020.03.01"]
[Round "7.4"]
[White "Kaster, Martin"]
[Black "Ronge, Tim"]
[Result "1/2-1/2"]
[WhiteElo "2056"]
[BlackElo "2216"]
[PlyCount "74"]
[EventDate "2020.??.??"]

1. Nf3 c5 2. c4 Nc6 3. Nc3 e5 4. g3 g6 5. Bg2 Bg7 6. O-O Nge7 7. d3 O-O 8. Rb1
d6 9. a3 a5 10. Bd2 h6 11. Ne1 Be6 12. Nd5 Rb8 13. Nc2 b5 14. b4 axb4 15. axb4
bxc4 16. dxc4 cxb4 17. Ncxb4 Nxb4 18. Bxb4 Nc6 19. Ba3 Rxb1 20. Qxb1 Kh8 21. e3
Ne7 22. Rd1 Nc8 23. c5 dxc5 24. Bxc5 Re8 25. Qb5 Bd7 26. Qa6 Bg4 27. f3 Be6 28.
e4 Ne7 29. Bf1 Bxd5 30. exd5 Nf5 31. Bb5 Bf8 32. Bxf8 Rxf8 33. d6 Nd4 34. d7
Qe7 35. Kf2 Rd8 36. Qb6 Kg7 37. Ba4 Qf6 1/2-1/2

[Event "OLSW 1920 SK Altenkirchen - SC Heimbach-"]
[Site "?"]
[Date "2020.03.01"]
[Round "7.5"]
[White "Puth, Dieter"]
[Black "Hoffmann, Thomas"]
[Result "1-0"]
[WhiteElo "2225"]
[BlackElo "2025"]
[PlyCount "95"]
[EventDate "2020.??.??"]

1. d4 d6 2. e4 g6 3. c4 Bg7 4. Nc3 Nf6 5. f3 c6 6. Be3 O-O 7. Bd3 e5 8. d5 Qa5
9. Qd2 cxd5 10. cxd5 Nbd7 11. Nge2 Nc5 12. Bc2 a6 13. a3 Qd8 14. b4 Ncd7 15. a4
Nh5 16. O-O f5 17. exf5 gxf5 18. Bxf5 Rxf5 19. g4 Rf8 20. gxh5 Qh4 21. h6 Bf6
22. Ne4 Be7 23. N2g3 Nf6 24. Nxf6+ Bxf6 25. Kh1 Bh3 26. Rg1 Kh8 27. Ne4 Qh5 28.
Rg3 Be7 29. Bg5 Bxg5 30. Qxg5 Qxg5 31. Nxg5 Bd7 32. Ne4 Rad8 33. Nxd6 b5 34.
Nb7 Rde8 35. Nd6 Rd8 36. Nb7 Rb8 37. Nc5 Rbd8 38. Rg7 Bf5 39. axb5 axb5 40. Ne6
e4 41. Nxd8 Rxd8 42. Rga7 exf3 43. Ra8 Rg8 44. Rxg8+ Kxg8 45. Kg1 Kf7 46. Kf2
Be4 47. d6 Ke6 48. Re1 1-0

[Event "OLSW 1920 SK Altenkirchen - SC Heimbach-"]
[Site "?"]
[Date "2020.03.01"]
[Round "7.6"]
[White "Giesler, Stephan"]
[Black "Roos, Thomas"]
[Result "1/2-1/2"]
[WhiteElo "1999"]
[BlackElo "2169"]
[PlyCount "34"]
[EventDate "2020.??.??"]

1. Nf3 d6 2. c4 e5 3. Nc3 f5 4. e3 Nf6 5. Be2 Be7 6. O-O O-O 7. b3 c6 8. c5 e4
9. cxd6 Bxd6 10. Nd4 Be5 11. Bc4+ Kh8 12. Ba3 Bd6 13. Bxd6 Qxd6 14. f3 b5 15.
Be2 a6 16. fxe4 fxe4 17. Qc2 Re8 1/2-1/2

[Event "OLSW 1920 SK Altenkirchen - SC Heimbach-"]
[Site "?"]
[Date "2020.03.01"]
[Round "7.7"]
[White "Jahn, Peter"]
[Black "Hahmann, Markus"]
[Result "1/2-1/2"]
[WhiteElo "2043"]
[BlackElo "1901"]
[PlyCount "45"]
[EventDate "2020.??.??"]

1. d4 Nf6 2. Nf3 d5 3. g3 Bf5 4. Bg2 e6 5. c4 c6 6. Nc3 Be7 7. O-O Nbd7 8. Qb3
Qb6 9. c5 Qxb3 10. axb3 O-O 11. b4 Ne4 12. Bf4 Bf6 13. Nxe4 Bxe4 14. Ne5 Rfd8
15. Bxe4 dxe4 16. Nxd7 Rxd7 17. e3 g5 18. Bd6 Be7 19. Bxe7 Rxe7 20. g4 f5 21.
h3 a6 22. f3 Rf8 23. fxe4 1/2-1/2